000
00232nam a2200097Ia 4500
008
120527s9999 xx 000 0 und d
100
_a
Amnesty Intl.Report
245
_a
Amnesty International report 1993
260
_b
AI
942
_c
BK
999
_c
25274
_d
25274